Principles of human genetics / (Record no. 74870)
[ view plain ]
| 000 -LEADER | |
|---|---|
| fixed length control field | 00686nam a2200241 a 4500 |
| 001 - CONTROL NUMBER | |
| control field | 74870 |
| 003 - CONTROL NUMBER IDENTIFIER | |
| rucl marc code | BD-RjUL |
| 005 - DATE AND TIME OF LATEST TRANSACTION | |
| control field | 20211209082620.0 |
| 008 - FIXED-LENGTH DATA ELEMENTS--GENERAL INFORMATION | |
| fixed length control field | 161117s1960 caua b 001 0 eng |
| 035 ## - SYSTEM CONTROL NUMBER | |
| System control number | (BD-RjUL)75088 |
| 040 ## - CATALOGING SOURCE | |
| Original cataloging agency | DLC |
| Transcribing agency | DLC |
| Modifying agency | DLC |
| -- | BD-RjUL |
| Language of cataloging | eng |
| 041 ## - LANGUAGE CODE | |
| Language code of text/sound track or separate title | eng |
| 082 00 - DEWEY DECIMAL CLASSIFICATION NUMBER | |
| Classification number | 599.935 |
| Edition number | 22 |
| Author mark and year | STP 1973 |
| 100 1# - MAIN ENTRY--PERSONAL NAME | |
| Personal name | Stern, curt |
| Dates associated with a name | 1902- |
| 9 (RLIN) | 165017 |
| 245 00 - TITLE STATEMENT | |
| Title | Principles of human genetics / |
| Statement of responsibility, etc. | Curt Stern |
| 250 ## - EDITION STATEMENT | |
| Edition statement | 3rd ed. |
| 260 ## - PUBLICATION, DISTRIBUTION, ETC. (IMPRINT) | |
| Place of publication, distribution, etc. | San Francisco : |
| Name of publisher, distributor, etc. | W. H. Freeman, |
| Date of publication, distribution, etc. | c1973 |
| 300 ## - PHYSICAL DESCRIPTION | |
| Pagination | 891 p : |
| Illustrations | ill. ; |
| Size | 26 cm. |
| 490 0# - SERIES STATEMENT | |
| Series statement | A Series of books in biology |
| 504 ## - BIBLIOGRAPHY, ETC. NOTE | |
| Bibliography, etc | Includes bibliography and index |
| 650 #0 - SUBJECT ADDED ENTRY--TOPICAL TERM | |
| Topical term or geographic name as entry element | Human genetics. |
| 9 (RLIN) | 165018 |
| 942 ## - ADDED ENTRY ELEMENTS (KOHA) | |
| Source of classification or shelving scheme | Dewey Decimal Classification |
| Koha item type | Books |
| Lost status | Source of classification or shelving scheme | Damaged status | Not for loan | Collection code | Permanent Location | Current Location | Shelving location | Date acquired | Source of acquisition | Cost, normal purchase price | Total Checkouts | Full call number | Date last seen | Copy number | Koha item type |
|---|---|---|---|---|---|---|---|---|---|---|---|---|---|---|---|
| Dewey Decimal Classification | Not For Loan | Non-fiction | Central Library, University of Rajshahi | Central Library, University of Rajshahi | Reading Room | 15/05/1983 | Heffers | 15.95 | 599.935 STP 1973 | 13/12/2018 | C-1 | Books |